000 00646nam a22002297i 4500
003 URS
005 20220114153327.0
008 171010b xxu||||| |||| 00| 0 eng d
020 _a9789712350221
040 _erda
_cURSP-College Library
_beng
050 _b574 M46 2008
100 1 _aMelchor, Marciano B.
245 _aLaboratory Manual in Biology
_cMarciano B. Melchor
264 1 _aManila
_bRex Book Store
_c2008.
300 _axii, 107pages
_c25cm.
336 _atext
_btxt
_2rdacontent
337 _aunmediated
_bn
_2rdamedia
338 _avolume
_bnc
_2rdacarrier
500 _aIncludes bibliography
650 0 _abiology.
942 _2lcc
_cF
999 _c8443
_d8443